Introduction to application development and emerging technologies / (Record no. 81826)
[ view plain ]
| 000 -LEADER | |
|---|---|
| fixed length control field | 00925nam a22002537a 4500 |
| 003 - CONTROL NUMBER IDENTIFIER | |
| control field | URS |
| 005 - DATE AND TIME OF LATEST TRANSACTION | |
| control field | 20250113172857.0 |
| 008 - FIXED-LENGTH DATA ELEMENTS--GENERAL INFORMATION | |
| fixed length control field | 250113b |||||||| |||| 00| 0 eng d |
| 020 ## - INTERNATIONAL STANDARD BOOK NUMBER | |
| International Standard Book Number | 978-621-427-145-0 |
| 040 ## - CATALOGING SOURCE | |
| Language of cataloging | English |
| Transcribing agency | URS |
| Description conventions | rda |
| 050 ## - LIBRARY OF CONGRESS CALL NUMBER | |
| Classification number | QA76.9.A73 |
| Item number | P772 2023 |
| 100 ## - MAIN ENTRY--PERSONAL NAME | |
| 9 (RLIN) | 1476 |
| Personal name | Pomperada, Jake R. |
| Relator term | author. |
| 245 ## - TITLE STATEMENT | |
| Title | Introduction to application development and emerging technologies / |
| Statement of responsibility, etc | Jake R. Pomperada and Jason V. Castellano. |
| 264 ## - PUBLICATION, DISTRIBUTION, ETC. (IMPRINT) | |
| Place of publication, distribution, etc | Intramuros, Manila : |
| Name of publisher, distributor, etc | Unlimited Books LIbrary Services & Publishing Inc., |
| Date of publication, distribution, etc | ©2023. |
| 300 ## - PHYSICAL DESCRIPTION | |
| Extent | xiv, 239 pages : |
| Other physical details | illustrations ; |
| Dimensions | 26 cm. |
| 336 ## - CONTENT TYPE | |
| Source | rdacontent |
| Content type term | text |
| Content type code | txt |
| 337 ## - MEDIA TYPE | |
| Source | rdamedia |
| Media type term | unmediated |
| Media type code | n |
| 338 ## - CARRIER TYPE | |
| Source | rdacarrier |
| Carrier type term | volume |
| Carrier type code | nc |
| 504 ## - BIBLIOGRAPHY, ETC. NOTE | |
| Bibliography, etc | Includes bibliographical references. |
| 650 #0 - SUBJECT ADDED ENTRY--TOPICAL TERM | |
| Topical term or geographic name as entry element | Computer architecture. |
| 9 (RLIN) | 6145 |
| 650 #0 - SUBJECT ADDED ENTRY--TOPICAL TERM | |
| Topical term or geographic name as entry element | Computer systems. |
| 9 (RLIN) | 6146 |
| 700 ## - ADDED ENTRY--PERSONAL NAME | |
| Personal name | Castellano, Jason V., |
| Relator term | author. |
| 9 (RLIN) | 6147 |
| 942 ## - ADDED ENTRY ELEMENTS (KOHA) | |
| Source of classification or shelving scheme | Library of Congress Classification |
| Koha item type | Filipiniana |
| Withdrawn status | Lost status | Source of classification or shelving scheme | Damaged status | Not for loan | Collection code | Home library | Current library | Shelving location | Date acquired | Source of acquisition | Total Checkouts | Full call number | Barcode | Date last seen | Copy number | Koha item type |
|---|---|---|---|---|---|---|---|---|---|---|---|---|---|---|---|---|
| Library of Congress Classification | Non-fiction | Taytay College Library | Taytay College Library | Filipiniana Section | 12/12/2024 | Purchased | QA76.9.A73 P772 2023 | URSTAY-5652 | 06/03/2025 | 1 | Filipiniana | |||||
| Library of Congress Classification | Non-fiction | Taytay College Library | Taytay College Library | Filipiniana Section | 12/12/2024 | Purchased | QA76.9.A73 P772 2023 | URSTAY-5653 | 06/03/2025 | 2 | Filipiniana |